| 000 | 01408cam a2200397 i 4500 | ||
|---|---|---|---|
| 001 | 20234902 | ||
| 005 | 20220923154903.0 | ||
| 008 | 180101s2018 enk b 001 0 eng | ||
| 010 | _a 2017054575 | ||
| 020 | _a9781845416546 (pbk : alk. paper) | ||
| 020 | _a9781845416553 (hbk : alk. paper) | ||
| 020 | _z9781845416560 (pdf) | ||
| 020 | _z9781845416577 (epub) | ||
| 020 | _z9781845416584 (kindle) | ||
| 040 |
_aDLC _beng _cDLC _erda _dDLC |
||
| 042 | _apcc | ||
| 050 | 0 | 0 |
_aG155.A1 _bH56 2018 |
| 082 | 0 | 0 |
_a338.4791 _bHIG |
| 100 | 1 |
_aHigham, James E. S., _eauthor. _998999 |
|
| 245 | 1 | 0 |
_aSport tourism development / _cJames Higham and Tom Hinch. |
| 250 | _a3rd edition. | ||
| 264 | 1 |
_aBristol ; _aBlue Ridge Summit : _bCHANNEL VIEW PUBLICATIONS, _c[2018] |
|
| 300 |
_axii, 287 pages ; _c24 cm. |
||
| 336 |
_atext _btxt _2rdacontent |
||
| 337 |
_aunmediated _bn _2rdamedia |
||
| 338 |
_avolume _bnc _2rdacarrier |
||
| 490 | 0 |
_aAspects of Tourism ; _v84 |
|
| 500 | _aPrevious edition: 2011. | ||
| 504 | _aIncludes bibliographical references (pages [238]-280) and index. | ||
| 650 | 0 |
_aSports and tourism. _999000 |
|
| 700 | 1 |
_aHinch, Thomas, _eauthor. _999001 |
|
| 830 | 0 |
_aAspects of tourism. _999002 |
|
| 906 |
_a7 _bcbc _corignew _d1 _eecip _f20 _gy-gencatlg |
||
| 942 |
_2ddc _cBK |
||
| 999 |
_c591443 _d591443 |
||